000 00290nam a22001337a 4500
008 180926b xxu||||| |||| 00| 0 eng d
020 _ao801619297
041 _aeng
080 _a618
100 _a9
101 _agji
245 _acomprehensive gynecology
_cwilliam.d
942 _2udc
_cBK
999 _c48509
_d48509